| 000 | 00411 a2200145 4500 | ||
|---|---|---|---|
| 005 | 20250625094634.0 | ||
| 020 | _a0-13-008369-0 | ||
| 082 | _a519.5 AGR | ||
| 100 | _aAGREST, A. | ||
| 245 | _aStatistics: The Art and Science of Learning from Data | ||
| 260 |
_aNew York, _bPearson, _c2007. |
||
| 300 |
_ax,690p.; ill.; figure, table, picture _bAppendix & Index _c27cm. |
||
| 700 | _aFRANKLIN, C. | ||
| 942 |
_2ddc _cBKS |
||
| 999 |
_c4986 _d4986 |
||